| 000 | 01348nam a2200385 i 4500 | ||
|---|---|---|---|
| 001 | 8836 | ||
| 003 | KOSZ 005 | ||
| 005 | 20200813113559.0 | ||
| 008 | 080103s1967 pl a |000 0 pol | ||
| 015 | _aPB 1967/5385 | ||
| 035 | _a(OCoLC)831242520 | ||
| 040 |
_aWA N _cKOSZ 005/HR _dKOSZ 005/HR |
||
| 041 | 1 |
_apol _hrus |
|
| 046 | _k1967 | ||
| 080 | _a519.2 | ||
| 100 | 1 |
_aGuter, Rafail Samojlovič. _eAutor |
|
| 245 | 1 | 0 |
_aMatematyczne opracowanie wyników doświadczeń / _cR. S. Guter, B. W. Owczyński ; [tł. Teresa Bażańska]. |
| 246 | 1 | 3 | _aMatematičeskaâ obrabotka rezul'tatov opyta. |
| 250 | _aWyd. 2 popr. | ||
| 260 |
_aWarszawa : _bPaństwowe Wydawnictwo Naukowe, _c1967. |
||
| 300 |
_a195, [1] s. : _bil. ; _c23 cm. |
||
| 380 | _aKsiążki. | ||
| 388 | _a1901- | ||
| 504 | _aBibliogr. | ||
| 658 | _aMatematyka | ||
| 650 | 4 | _aEksperymenty | |
| 650 | 4 | _aRachunek prawdopodobieństwa | |
| 650 | 4 | _aTeoria błędów | |
| 650 | 4 | _aMetoda najmniejszych kwadratów | |
| 700 | 1 |
_aOvčinskij, Boris Vladimirovič. _eAutor |
|
| 700 | 1 |
_aBażańska, Teresa _c(matematyka). _eTłumaczenie |
|
| 710 | 2 |
_aPaństwowe Wydawnictwo Naukowe _4pbl. |
|
| 856 |
_uhttp://koha.tu.koszalin.pl/cgi-bin/koha/opac-detail.pl?biblionumber=8836 _yKatalog online BPK |
||
| 942 |
_2UKD _cKS |
||
| 999 |
_c8836 _d8836 |
||